00489nam a2200205Ia 4500003000900000005001700009008004100026040001300067040001300080041000800093100001800101245008000119250001200199260001500211260000900226300001100235300000800246490000600254600002300260IT-RoPAU20220918175842.0120407s9999 xx 000 0 und d aIT-RoPAU cIT-RoPAU aita aIgnazio Sanna aTeologia come esperienza di Dio. La prospettiva cristologica di Karl Rahner aBrescia aQueriniana c1997 a352 p. c cm v1 aISBN 88-399-0397-6